000
00303nam a2200109Ia 4500
008
171211s9999 xx 000 0 und d
245
_a
Surviving the Nazi Onslaught
245
_c
Carole McEntee-Taylor
260
_c
2014
650
_x
Biography
856
_u
http://down.ebook777.com/062/9781783831067.pdf
999
_c
349903
_d
349903